Black intellectuals broaden debate on effects of affirmative action (Record no. 63361)

MARC details
000 -CABECERA
campo de control de longitud fija 00670nam a2200241 a 4500
005 - FECHA Y HORA DE LA ÚLTIMA TRANSACCIÓN
campo de control 20210219152910.0
008 - ELEMENTOS DE LONGITUD FIJA--INFORMACIÓN GENERAL
campo de control de longitud fija 991125n 000 0 eng u
035 ## - NÚMERO DE CONTROL DEL SISTEMA
Número de control de sistema UPN01000066189
100 1# - ASIENTO PRINCIPAL--NOMBRE PERSONAL
Nombre de persona Magner, Denise K.
222 ## - TÍTULO CLAVE
Título clave CHRONICLE OF HIGHER EDUCATION
245 ## - MENCIÓN DE TÍTULO
Título Black intellectuals broaden debate on effects of affirmative action
300 ## - DESCRIPCIÓN FÍSICA
Extensión A17, 22-23
362 ## - FECHAS DE PUBLICACIÓN Y/O DESIGNACIÓN SECUENCIAL
Fecha de publicación y/o designación secuencial 1991 38, No. 8
505 ## - NOTA DE CONTENIDO CON FORMATO PREESTABLECIDO
Nota de contenido con formato Marzo 1992
653 0# - TERMINO DE INDIZACION - NO CONTROLADO
Término no controlado DERECHOS CIVILES
653 0# - TERMINO DE INDIZACION - NO CONTROLADO
Término no controlado DISCRIMINACION RACIAL
653 0# - TERMINO DE INDIZACION - NO CONTROLADO
Término no controlado MEDIDAS AFIRMATIVAS
653 0# - TERMINO DE INDIZACION - NO CONTROLADO
Término no controlado NEGROS
653 0# - TERMINO DE INDIZACION - NO CONTROLADO
Término no controlado PUBLIC POLICY
653 0# - TERMINO DE INDIZACION - NO CONTROLADO
Término no controlado RESOLUCION DE CONFLICTOS
904 ## - ELEMENTOS DE DATOS D LOCAL, LDD (RLIN)
a AC
b 004000
905 ## - TIPO DE MATERIAL
Tipo de material Articulo

No items available.